Watershed management field manual : (Record no. 92002)

MARC details
000 -LEADER
fixed length control field 01445nam a2200361 a 4500
001 - CONTROL NUMBER
control field vtls000087123
003 - CONTROL NUMBER IDENTIFIER
control field NLI
005 - DATE AND TIME OF LATEST TRANSACTION
control field 20210601195327.0
008 - FIXED-LENGTH DATA ELEMENTS--GENERAL INFORMATION
fixed length control field 101125s1986 it a 001 0 eng
020 ## - INTERNATIONAL STANDARD BOOK NUMBER
International Standard Book Number 9251024820 (pbk.)
039 #9 - LEVEL OF BIBLIOGRAPHIC CONTROL AND CODING DETAIL [OBSOLETE]
-- 201011250940
-- VLOAD
040 0# - CATALOGING SOURCE
Original cataloging agency NLI
Language of cataloging eng
Transcribing agency Entertech-2003
Description conventions AACR2
041 0# - LANGUAGE CODE
Language code of text/sound track or separate title eng
044 ## - COUNTRY OF PUBLISHING/PRODUCING ENTITY CODE
MARC country code it
082 04 - DEWEY DECIMAL CLASSIFICATION NUMBER
Classification number 333.72
100 1# - MAIN ENTRY--PERSONAL NAME
Personal name Geyik, M. P.
9 (RLIN) 197137
245 10 - TITLE STATEMENT
Title Watershed management field manual :
Remainder of title gully control /
Statement of responsibility, etc. based on the work of M. P. Geyik
260 ## - PUBLICATION, DISTRIBUTION, ETC.
Place of publication, distribution, etc. Rome :
Name of publisher, distributor, etc. Food and Agriculture Organization of the United Nations,
Date of publication, distribution, etc. c1986
300 ## - PHYSICAL DESCRIPTION
Extent vii, 56 p. :
Other physical details ill. ;
Dimensions 30 cm.
440 #0 - SERIES STATEMENT/ADDED ENTRY--TITLE
Title FAO conservation guide ;
Volume/sequential designation no. 13-1
504 ## - BIBLIOGRAPHY, ETC. NOTE
Bibliography, etc. note Includes bibliographical references and index
505 0# - FORMATTED CONTENTS NOTE
Formatted contents note [1] Watershed survey and planning - [2] Slope treatment measures and practices - [3] Vegetative and soil treatment measures - [4] Road design and construction in sensitive watersheds - [5] Gully control - [etc.]
650 #0 - SUBJECT ADDED ENTRY--TOPICAL TERM
Topical term or geographic name entry element Roads
General subdivision Design and construction
-- Environmental aspects
9 (RLIN) 194782
650 #0 - SUBJECT ADDED ENTRY--TOPICAL TERM
Topical term or geographic name entry element Soil protection
9 (RLIN) 194783
650 #0 - SUBJECT ADDED ENTRY--TOPICAL TERM
Topical term or geographic name entry element Watershed management
9 (RLIN) 50490
710 2# - ADDED ENTRY--CORPORATE NAME
Corporate name or jurisdiction name as entry element Food and Agriculture Organization of the United Nations (Rome),
Relationship pbl
9 (RLIN) 10880
887 ## - NON-MARC INFORMATION FIELD
Content of non-MARC field
901 ## - LOCAL DATA ELEMENT A, LDA (RLIN)
a 24949
b 18.03.1991
902 ## - LOCAL DATA ELEMENT B, LDB (RLIN)
a UN333.72F686( Ser.13/2)
949 ## - LOCAL PROCESSING INFORMATION (OCLC)
-- VIRTUAITEM
-- 10002
-- 100
6 FOD000024949ENG
942 ## - ADDED ENTRY ELEMENTS (KOHA)
Source of classification or shelving scheme Dewey Decimal Classification
Koha item type Books
Holdings
Withdrawn status Lost status Damaged status Not for loan Collection code Home library Current library Shelving location Date acquired Total Checkouts Full call number Barcode Date last seen Price effective from Koha item type
        United Nations National Library of India National Library of India Foreign Official Documents - United Nations     UN333.72F686( Ser.13/2) FOD000024949ENG 01/06/2021 01/06/2021 Books
                                                                           
web counter

Copyright ©2020 The National Library of India, Govt. of India ↔ Hosted by NVLI, MOC ↔ Technology and Design by National Library of India, Ministry of Culture, Govt. of India